000
00336nam a2200133Ia 4500
008
220216s9999 xx 000 0 und d
100
_a
Carlson Donna J
245
0
_a
Asphalt-rubber sets the bar for modified binders
260
_b
Rubber India
_c
2003
300
_a
13-16
650
_a
Asphalt-rubber
650
_a
Binders
942
_c
JS
999
_c
54517
_d
54517